El bolchevismo ruso contra Europa / (Record no. 149023)

MARC details
000 -LEADER
campo de control de longitud fija 00664nam a2200205 i 4500
001 - NÚMERO DE CONTROL
campo de control 149023
003 - IDENTIFICADOR DE NÚMERO DE CONTROL
campo de control ES-MaACL
005 - FECHA Y HORA DE LA ÚLTIMA TRANSACCIÓN
campo de control 20250825134558.0
007 - CAMPO FIJO DE DESCRIPCIÓN FÍSICA--INFORMACIÓN GENERAL
campo de control de longitud fija t|
008 - DATOS DE LONGITUD FIJA--INFORMACIÓN GENERAL
campo de control de longitud fija 070214s1943 sp r ||||1| spa d
100 1# - ENTRADA PRINCIPAL--NOMBRE DE PERSONA
Nombre de persona Suster, Roberto.
9 (RLIN) 108866
245 13 - MENCIÓN DEL TÍTULO
Título El bolchevismo ruso contra Europa /
Mención de responsabilidad, etc. Roberto Suster ; traducción, prólogo y notas de Jesús Evaristo Casariego.
260 ## - PUBLICACIÓN, DISTRIBUCIÓN, ETC.
Lugar de publicación, distribución, etc. Madrid :
Nombre del editor, distribuidor, etc. Ed. Nacional,
Fecha de publicación, distribución, etc. 1943.
300 ## - DESCRIPCIÓN FÍSICA
Extensión 182 p. ;
Dimensiones 22 cm.
650 #4 - PUNTO DE ACCESO ADICIONAL DE MATERIA--TÉRMINO DE MATERIA
Término de materia o nombre geográfico como elemento de entrada Propaganda comunista.
9 (RLIN) 159359
650 04 - PUNTO DE ACCESO ADICIONAL DE MATERIA--TÉRMINO DE MATERIA
Término de materia o nombre geográfico como elemento de entrada Comunismo-
Subdivisión geográfica URSS.
9 (RLIN) 11227
700 1# - ENTRADA AGREGADA--NOMBRE PERSONAL
Nombre de persona Casariego, J. E.,
Fechas asociadas al nombre 1913-1990
9 (RLIN) 36176
852 ## - LOCALIZACIÓN
Ubicación ES-MaACL
Número de control de estantería F-15941
Sublocalización o colección R.20552
Holdings
Estatus retirado Estado de pérdida Estado de daño No para préstamo Biblioteca de origen Biblioteca actual Ubicación en estantería Fecha de adquisición Fuente de adquisición Total de préstamos Signatura topográfica completa Código de barras Visto por última vez Precio de reemplazo Tipo de ítem Koha
        Biblioteca del Ateneo de Madrid Biblioteca del Ateneo de Madrid Sala Pecera Planta 2 17/01/2008     F-15941 1155511 23/02/2023 23/02/2023 Libro impreso